[Event "Czech Open GM 2020"]
[Site "Pardubice"]
[Date "2020.09.21"]
[Round "1.14"]
[White "Zwardon, Vojtech"]
[Black "Llopis de Aysa, Manuel"]
[Result "1-0"]
[WhiteElo "2455"]
[BlackElo "2051"]
[Annotator "TA"]
[PlyCount "105"]
[EventDate "2020.09.21"]
[EventCountry "CZE"]
[SourceTitle "playchess.com"]
[Source "ChessBase"]
[SourceQuality "1"]

{[%evp 11,105,8,16,14,21,9,29,24,20,16,9,-20,-15,-18,0,4,0,0,0,11,20,0,0,0,0,0,0,0,20,16,35,8,28,-29,-27,-36,-34,-17,-7,-97,-111,-97,-90,-205,-186,-227,-231,-214,-177,-190,-209,-197,-90,-100,249,252,251,260,252,252,246,251,254,241,262,241,218,216,281,264,320,318,315,305,391,214,2644,212,639,592,29972,29973,29973,29974,29967,4894,5269,5197,29989,11472,29988,1922,29987,29988,29998,29999]} 1. c4 g6 2. g3 Bg7 3. Bg2 e5 4. Nc3 d6 5. d3 Ne7 6. e3 O-O 7. Nge2 {A21: English Opening: 1...e5 2 Nc3.} c6 8. d4 Nd7 9. O-O {[#] White has an edge.} exd4 $146 ({Predecessor:} 9... f5 10. dxe5 dxe5 11. e4 Nc5 12. b3 Qc7 13. Ba3 Rd8 14. Qc1 Ne6 15. Nd5 cxd5 16. cxd5 Qxc1 17. Raxc1 Nxd5 18. exd5 {1-0 (40) Hellmayr,A (2300)-Rolletschek,H (2370) Linz 1995}) 10. Nxd4 Nb6 11. Qb3 c5 12. Nde2 Be6 13. Nd5 Nbxd5 14. cxd5 Bd7 15. a4 Rb8 16. Nc3 a6 17. a5 b5 18. axb6 $1 Qxb6 19. Qa2 Ra8 20. Bd2 Rfb8 21. Rfb1 f5 22. Ne2 (22. b3 $142) 22... Qb3 $36 {[%mdl 2048] Black is pushing.} 23. Qa5 {And now Qc7 would win.} Qb5 (23... Nxd5 $2 24. Ra3 $18) 24. Bc3 Qxe2 25. Bxg7 (25. Qc7 $11 {keeps the balance.} Bxc3 26. bxc3 Rxb1+ 27. Rxb1) 25... Kxg7 $17 26. Qc7 Rxb2 27. Rf1 (27. Rxb2 $17 Qxb2 28. Ra5) 27... Qb5 $19 28. Ra5 Qb7 29. Qxd6 Re8 30. Qe5+ Kh6 31. Rxc5 {Hoping for Rc4.} Nc8 (31... Qb4 $19 {has better winning chances. ...Rxf2 is the strong threat.} 32. Rc4 (32. Rc7 $2 Nc6 $19) 32... Qxc4 33. Qxb2 Rc8) 32. Qf4+ $17 Kg7 $2 {[%mdl 8192] This costs Black the game.} (32... g5 $17 {keeps the pressure on.} 33. Qc4 Qb4 34. Qxa6+ Qb6) 33. Rc7 $18 Qb5 34. Qd4+ Kh6 35. Rxd7 $1 {[%mdl 64] Deflection} Qxd7 36. Qxb2 Nd6 37. Ra1 Ne4 38. Qd4 ({Don't do} 38. Rxa6 $6 Qxd5 39. Bf3 Qd2 $16) 38... Qd6 39. Rc1 Re5 40. Bxe4 fxe4 {[%mdl 4096] Endgame KQR-KQR} 41. Rc5 Rf5 42. g4 Rf7 43. Rc4 (43. h4 $142) 43... Re7 $2 (43... Rd7 44. g5+ (44. Qxe4 Qxd5 45. Qxd5 Rxd5 $16) 44... Kxg5) 44. Rc6 $2 (44. f4 Rb7 45. g5+ Kh5 46. Qxe4 Qd7 47. f5 $1 {[%mdl 512]} gxf5 48. Qh4+ Kg6 49. Qh6+ Kf7 50. Qxh7+ Kf8 51. Rc8+ $1 {[%mdl 512]} Qxc8 52. Qh8+ Ke7 53. Qxc8) 44... Qd7 $2 (44... Qe5 45. Qxe5 (45. Rxa6 Qxd4 46. exd4 e3 $18) 45... Rxe5 46. Rxa6 Kg5) 45. h3 {aiming for d6.} a5 46. d6 Re6 47. Rc7 Qxd6 {[#]} 48. Qg7+ (48. f4 $142 $1 {[%mdl 512]} exf3 {[#]} 49. g5+ $1 {[%mdl 576] Decoy} Kxg5 50. Qg4+ {[%mdl 64] Double Attack} Kf6 51. Qxf3+ Kg5 52. Rxh7 Re4 53. Qxe4 Qd1+ 54. Kh2 Qe2+ 55. Qg2+ Qxg2+ 56. Kxg2) 48... Kg5 49. Rd7 Qc6 50. Qxh7 (50. Rf7 $142 Qd5 51. Rf5+ Qxf5 52. gxf5 Kxf5 53. Qxh7 Kf6 54. Qh8+ Kf7 55. Qc3) 50... a4 51. Rg7 (51. Qf7 $142 Rf6 52. Rd5+ Qxd5 53. Qxd5+ Rf5 54. gxf5 gxf5 55. Qe6 a3 56. Kg2 {[%mdl 64] Decoy}) 51... Qe8 52. Rf7 a3 53. Rf4 {Accuracy: White = 68%, Black = 57%.} 1-0

[Event "Czech Open GM 2020"]
[Site "Pardubice"]
[Date "2020.09.21"]
[Round "1.15"]
[White "Plesek, Jiri"]
[Black "Jarmula, Lukasz"]
[Result "0-1"]
[WhiteElo "2050"]
[BlackElo "2444"]
[Annotator "TA"]
[PlyCount "66"]
[EventDate "2020.09.21"]
[EventCountry "CZE"]
[SourceTitle "playchess.com"]
[Source "ChessBase"]
[SourceQuality "1"]

{[%evp 19,66,12,12,17,8,-4,21,12,11,18,12,0,19,0,0,0,0,0,0,-10,13,0,20,-102,0,0,0,-91,-77,-87,-99,-87,-78,-87,-86,-98,-25,-27,0,0,0,-733,-241,-287,-57,-85,0,-29994,-29995]} 1. Nf3 c5 2. c4 Nc6 3. g3 g6 4. Bg2 Bg7 5. Nc3 e5 6. O-O d6 7. a3 a5 8. d3 Nge7 9. Rb1 O-O 10. Ne1 Be6 11. Bg5 {A37: Symmetrical English vs ...g6: 4 Bg2 Bg7 5 Nf3.} f6 12. Be3 b6 13. b4 {The position is equal.} axb4 14. axb4 Nxb4 15. Bxa8 Qxa8 {[#]} 16. f3 $146 ({Predecessor:} 16. Ra1 Qb7 17. Nb5 Nc8 18. f3 d5 19. cxd5 Nxd5 20. Bd2 f5 21. Qa4 Nde7 22. Nc2 Nc6 23. Ne3 f4 24. Nc4 Qe7 25. Rab1 fxg3 26. hxg3 Nd4 27. Nxd4 {½-½ (27) Georgiev,V (2563)-Eljanov,P (2596) Geneve 2004}) 16... d5 17. cxd5 Nexd5 18. Nxd5 Nxd5 19. Bd2 Rd8 20. Nc2 c4 21. Ne3 (21. e4 $1 $11 cxd3 22. Ne3) 21... cxd3 ({Black should try} 21... c3 $17 22. Ra1 Qc6 23. Nxd5 Qxd5) 22. Nxd5 $1 $11 Qxd5 23. e4 (23. Be3 $11) 23... Qd4+ $17 24. Kg2 Bf8 $36 {[%mdl 2048] White is under strong pressure.} 25. Re1 Bc5 {Threatens to win with ...Qf2+.} 26. Be3 Qd6 {And now ...d2 would win.} 27. Qd2 Bc4 (27... f5 $17 {Strongly threatening ...fxe4.} 28. exf5 Bxf5) 28. Bxc5 $11 bxc5 29. Rb7 $1 Bf7 30. Qc3 $2 {[%mdl 8192]} (30. Reb1 $11) 30... Qd4 $2 (30... d2 31. Rd1 Qa6) 31. Qa3 {[#]} d2 $2 ({Black should play} 31... f5 $1 $19 32. Qa7 Rf8) 32. Rd1 $15 {[#]} Qc4 (32... f5 $1 $17 {[%cal Rf5e4]} 33. Qa7 Rf8) 33. Qa7 $2 {[%mdl 8192]} (33. Kf2 $11) 33... Qe2+ {[%mdl 64] Double Attack. Accuracy: White = 71%, Black = 50%.} 0-1

[Event "Czech Open GM 2020"]
[Site "Pardubice"]
[Date "2020.09.21"]
[Round "1.16"]
[White "Koziak, Vitali"]
[Black "Dehmel, Jens"]
[Result "1-0"]
[WhiteElo "2434"]
[BlackElo "2040"]
[Annotator "TA"]
[PlyCount "61"]
[EventDate "2020.09.21"]
[EventCountry "CZE"]
[SourceTitle "playchess.com"]
[Source "ChessBase"]
[SourceQuality "1"]

{[%evp 16,61,19,14,11,20,17,0,0,0,13,11,0,0,0,0,0,0,0,0,0,0,0,0,0,0,0,0,46,0,16,14,20,8,77,62,52,35,26,29,48,0,0,0,108,110,736,725]} 1. Nf3 d5 2. c4 c6 3. e3 Nf6 4. Nc3 e6 5. Qc2 Nbd7 6. d4 b6 7. Bd3 Bb7 8. O-O Be7 9. b3 dxc4 {D45: Semi-Slav: 5 e3.} 10. bxc4 c5 11. d5 {11.Qe2 is vanishing.} exd5 {The position is equal.} 12. cxd5 Nxd5 13. Nxd5 Bxd5 14. Rd1 {Black must now prevent Bb5.} Bf6 {Strongly threatening ...Bxf3.} 15. Bb5 Be6 16. Bxd7+ Bxd7 17. Qe4+ Kf8 $1 {[#]} 18. Rxd7 $1 {[%mdl 512]} Qxd7 ({Don't blunder} 18... Qe8 $2 19. Qd5 $18 (19. Qxe8+ $2 Kxe8 20. Rd4 cxd4 $19)) 19. Qxa8+ Ke7 $1 20. Qe4+ Kf8 {( -> ...Qd1+)} 21. Nd4 {aiming for Ba3.} cxd4 22. exd4 h6 23. Qa8+ Bd8 24. d5 f6 (24... f5 $11 {remains equal.}) 25. Bf4 (25. d6 $5) 25... Kf7 26. Qc6 Qxc6 27. dxc6 Be7 28. Rd1 Rc8 29. c7 Ke6 {[#]} (29... g5 $11 30. Bg3 f5) 30. g4 $1 $16 Bb4 $2 {[%mdl 8192]} (30... Rf8 $16) 31. Rd8 {Accuracy: White = 89%, Black = 67%.} 1-0

[Event "Czech Open GM 2020"]
[Site "Pardubice"]
[Date "2020.09.21"]
[Round "1.17"]
[White "Arnhold, Steffi"]
[Black "Arkell, Keith C"]
[Result "0-1"]
[WhiteElo "2038"]
[BlackElo "2429"]
[Annotator "TA"]
[PlyCount "102"]
[EventDate "2020.09.21"]
[EventCountry "CZE"]
[SourceTitle "playchess.com"]
[Source "ChessBase"]
[SourceQuality "1"]

{[%evp 9,102,39,31,27,47,15,17,12,16,0,0,0,25,5,20,14,17,13,40,34,55,79,59,33,49,67,36,23,83,35,110,7,46,17,18,21,14,0,60,69,72,-36,-43,-94,-68,-68,-72,-166,-166,-159,-165,-159,-124,-122,-106,-115,-113,-153,-144,-143,-143,-164,-164,-173,-159,-228,-235,-212,-207,-292,-281,-281,-279,-281,-292,-280,-253,-678,-653,-774,-1061,-881,-934,-870,-789,-1082,-994,-1159,-1150,-2250,-2002,-1742,-1742,-1254,-738]} 1. e4 g6 2. d4 Bg7 3. Nf3 c6 4. Bd3 d5 5. exd5 cxd5 6. c3 {[#] B06: Modern Defence.} Bf5 $146 ({Predecessor:} 6... Nc6 7. Qc2 Qc7 8. O-O Nh6 9. Qb3 e6 10. Re1 O-O 11. Nbd2 Nf5 12. Nf1 Nd6 13. Bf4 {1-0 (51) Abdusattorov,N (2608)-Iturrizaga Bonelli,E (2629) chess24.com INT 2020}) 7. Bf4 Bxd3 8. Qxd3 {The position is equal.} Nc6 9. h4 Nf6 10. Nbd2 a6 11. Ne5 Qc8 12. Qf3 h5 13. O-O $36 {[%mdl 2048] Black is under pressure.} Qf5 14. Rfe1 Ng4 {[%cal Rg4e5]} 15. Nxc6 bxc6 16. Nc4 {And now Nd6+ would win.} Kf8 17. Na5 Rc8 18. Qg3 Nf6 (18... c5 $11 {remains equal.}) 19. f3 Nd7 (19... c5 $14) 20. Re2 ({Better is} 20. Bc7 $16) 20... Bf6 21. Rae1 {aiming for Nb7.} c5 22. Nb3 Kg7 23. Bg5 Bxg5 (23... Rhe8 $11) 24. hxg5 $14 h4 {[#]} 25. Qh3 (25. Qf2 $1 $16) 25... e6 $15 26. dxc5 ({White should play} 26. Qxf5 $15 gxf5 27. Kh2) 26... Nxc5 27. Qxf5 gxf5 28. Nd4 (28. Nc1 $17 {keeps fighting.}) 28... Nd3 $19 29. Rd1 Nf4 30. Rf2 Rh5 31. Ne2 Nxe2+ 32. Rxe2 Rxg5 $17 {[%mdl 4096] Endgame KRR-KRR} 33. Kf2 Kf6 34. Rh1 Rcg8 35. Kf1 Rh5 36. Kf2 f4 37. b4 (37. Rd2 $17) 37... Rc8 $19 38. Rc2 Rc4 39. Rd1 (39. Ke2 $142) 39... h3 40. gxh3 Rxh3 {White must now prevent ...Rh2+.} 41. Kg2 Rh8 42. Rd4 {White hopes to continue with Rxc4.} Rhc8 {Hoping for ...Rxd4.} 43. Rxc4 $2 (43. Rb2) 43... Rxc4 {KR-KR. Black is clearly winning.} 44. Kf2 d4 45. Ke2 dxc3 46. Kd3 Rxb4 47. Rxc3 Ra4 48. a3 Ke5 49. Rc5+ {[#]} Kd6 $1 50. Rc3 Kd5 51. Kd2 e5 {Accuracy: White = 49%, Black = 77%.} 0-1

[Event "Czech Open GM 2020"]
[Site "Pardubice"]
[Date "2020.09.21"]
[Round "1.18"]
[White "Jurcik, Marian"]
[Black "Sielicki, Tomasz"]
[Result "1-0"]
[WhiteElo "2426"]
[BlackElo "2026"]
[Annotator "ChessBase"]
[PlyCount "81"]
[EventDate "2020.09.21"]
[EventCountry "CZE"]
[SourceTitle "playchess.com"]
[Source "ChessBase"]
[SourceQuality "1"]
[TimeControl "40/5400+30:1800+30"]

1. e4 {[%emt 0:32:36]} e5 {[%emt 0:00:16]} 2. Nf3 {[%emt 0:00:36]} Nc6 {[%emt 0:00:17]} 3. Bb5 {[%emt 0:00:50]} f5 {[%emt 0:00:24]} 4. Nc3 {[%emt 0:01:17]} fxe4 {[%emt 0:02:31]} 5. Nxe4 {[%emt 0:00:22]} d5 {[%emt 0:00:52]} 6. Ng3 {[%emt 0:07:23]} Bg4 {[%emt 0:01:48]} 7. h3 {[%emt 0:01:12]} Bxf3 {[%emt 0:01:48]} 8. Qxf3 {[%emt 0:00:57]} Nf6 {[%emt 0:03:22]} 9. Nh5 {[%emt 0:14:48]} e4 {[%emt 0:08:48]} 10. Qf5 {[%emt 0:01:25]} Kf7 {[%emt 0:13:07]} 11. Nxf6 {[%emt 0:03:41]} gxf6 {[%emt 0:00:28]} 12. Bxc6 {[%emt 0:02:08]} bxc6 {[%emt 0:00:31]} 13. b3 {[%emt 0:01:39]} Bd6 {[%emt 0:17:00]} 14. Bb2 {[%emt 0:01:15]} Qe7 {[%emt 0:03:16]} 15. Qh5+ {[%emt 0:01:17]} Kg7 {[%emt 0:06:35]} 16. O-O {[%emt 0:01:10]} Be5 {[%emt 0:10:19]} 17. d4 {[%emt 0:15:09]} Bd6 {[%emt 0:03:57]} 18. c4 {[%emt 0:04:04]} Qe6 {[%emt 0:05:05]} 19. Bc1 {[%emt 0:11:43]} Rhg8 {[%emt 0:01:00]} 20. c5 {[%emt 0:01:02]} Be7 {[%emt 0:01:31]} 21. Bf4 {[%emt 0:00:15]} Kh8 {[%emt 0:02:14]} 22. Rae1 {[%emt 0:01:04]} Rg7 {[%emt 0:01:30]} 23. f3 {[%emt 0:06:25]} Rag8 {[%emt 0:00:51]} 24. Re2 {[%emt 0:01:23]} Qc8 {[%emt 0:11:17]} 25. fxe4 {[%emt 0:09:41]} dxe4 {[%emt 0:00:14]} 26. Rff2 {[%emt 0:00:27]} Qa6 {[%emt 0:02:06]} 27. Rxe4 {[%emt 0:02:07]} Qd3 {[%emt 0:00:13]} 28. Qe2 {[%emt 0:00:38]} Qb1+ {[%emt 0:00:57]} 29. Kh2 {[%emt 0:03:04]} Bd8 {[%emt 0:00:05]} 30. g3 {[%emt 0:02:00]} Qa1 {[%emt 0:01:17]} 31. Qe3 {[%emt 0:01:29]} Qd1 {[%emt 0:00:30]} 32. Re2 {[%emt 0:00:57]} h6 {[%emt 0:00:58]} 33. Re8 {[%emt 0:01:24]} Kh7 {[%emt 0:01:22]} 34. Qe4+ {[%emt 0:01:47]} f5 {[%emt 0:00:30]} 35. Qxf5+ {[%emt 0:00:52]} Rg6 {[%emt 0:00:01]} 36. R2e7+ {[%emt 0:01:47]} Bxe7 {[%emt 0:00:17]} 37. Rxe7+ {[%emt 0:00:03]} R8g7 {[%emt 0:01:29]} 38. Rxg7+ {[%emt 0:00:11]} Kxg7 {[%emt 0:00:02]} 39. Be5+ {[%emt 0:00:08]} Kh7 {[%emt 0:00:07]} 40. Qf7+ {[%emt 0:00:05]} Rg7 {[%emt 0:00:05]} 41. Qxg7# {[%emt 0:00:12]} 1-0

[Event "Czech Open GM 2020"]
[Site "Pardubice"]
[Date "2020.09.21"]
[Round "1.19"]
[White "Brozka, Karel"]
[Black "Pantzar, Milton"]
[Result "1/2-1/2"]
[WhiteElo "2025"]
[BlackElo "2424"]
[Annotator "TA"]
[PlyCount "84"]
[EventDate "2020.09.21"]
[EventCountry "CZE"]
[SourceTitle "playchess.com"]
[Source "ChessBase"]
[SourceQuality "1"]

{[%evp 12,84,44,39,38,38,39,47,37,44,43,31,39,42,34,41,48,0,0,-13,0,0,0,2,32,0,0,-12,-17,-14,-25,-25,-13,-22,-10,-18,15,25,23,22,61,8,83,25,53,0,0,0,0,0,0,0,0,-95,-96,-206,-194,-164,-13,-51,-21,-58,0,0,0,0,0,0,0,0,0,0,0,0,0]} 1. d4 d5 2. c4 e6 3. Nc3 c5 4. cxd5 exd5 5. Nf3 Nf6 6. Bg5 Be6 7. e3 c4 {D32: Tarrasch Defence: Sidelines and lines without g3.} 8. Be2 Bb4 $1 {[%mdl 4] is more profitable than 8...Be7 at the moment. Played by Alireza Firouzja in April 2020.} 9. O-O O-O {White is slightly better.} 10. Ne5 {[#]} Qa5 $146 ({Predecessor:} 10... Bxc3 11. bxc3 Qa5 12. Bxf6 gxf6 13. Ng4 Nd7 14. Qc2 Kg7 15. f3 Bxg4 16. fxg4 Rae8 {1-0 (27) Buhmann,R (2580)-Vrolijk,L (2502) chess.com INT 2020}) 11. Bxf6 gxf6 12. Ng4 Nd7 13. Qc2 Kg7 14. f4 ({White should try} 14. f3 $14) 14... f5 $1 $36 {[%cal Rf5g4][%mdl 2048] Black has the initiative.} 15. Ne5 Bxc3 16. bxc3 Nf6 17. Bf3 Kh8 18. Kh1 Qc7 19. h3 Ne4 20. Bxe4 $1 dxe4 21. g4 f6 22. gxf5 Bxf5 23. Ng4 h5 24. Nf2 Kh7 25. Kh2 Kh6 26. Rab1 (26. Qe2 $14) 26... a6 (26... Rg8 $11) 27. a4 (27. Rg1 $16) 27... Rfb8 28. Qa2 (28. Nh1 $14) 28... b5 29. a5 Qe7 30. Rg1 Rg8 31. Qb2 Rac8 32. Rxg8 (32. Nh1 $11 {remains equal.}) 32... Rxg8 $17 33. Rg1 (33. Qe2 $17) 33... Rxg1 $19 34. Kxg1 {[#]} Qg7+ $2 (34... b4 $1 $19 {With the idea ...b3.} 35. cxb4 Qg7+ 36. Kh2 h4) 35. Kh2 h4 $1 36. Nh1 Qg6 ({Black should play} 36... Qc7 $15) 37. Qb4 $11 {The position is equal.} Qh5 38. Qf8+ Kh7 39. Nf2 {Strongly threatening Qe7+.} Qg6 {Black wants to play ...Bxh3!} 40. Nh1 Qh5 41. Nf2 {[#] aiming for Qe7+.} Qg6 {Threatening ...Bxh3!} 42. Nh1 Qh5 {Accuracy: White = 72%, Black = 78%.} 1/2-1/2

[Event "Czech Open GM 2020"]
[Site "Pardubice"]
[Date "2020.09.21"]
[Round "1.20"]
[White "Szpar, Milosz"]
[Black "Rokos, Filip"]
[Result "1-0"]
[WhiteElo "2397"]
[BlackElo "2024"]
[Annotator "TA"]
[PlyCount "71"]
[EventDate "2020.09.21"]
[EventCountry "CZE"]
[SourceTitle "playchess.com"]
[Source "ChessBase"]
[SourceQuality "1"]

{[%evp 9,71,-11,0,-6,-4,-16,24,22,29,8,50,35,39,46,47,58,66,7,24,0,29,0,0,0,0,0,26,6,29,29,22,30,51,0,120,111,122,117,123,123,144,136,153,141,127,116,172,120,164,166,371,352,535,523,664,638,1050,1028,744,683,12842,12843,12837,12837]} 1. e4 e6 2. f4 d5 3. e5 c5 4. Nf3 Nc6 5. c3 d4 6. Bd3 {C00: French: Unusual White 2nd moves.} Nge7 7. Be4 Nd5 8. d3 {[#] White has an edge.} dxc3 $146 ({Predecessor:} 8... f5 9. exf6 Qxf6 10. f5 dxc3 11. bxc3 Bd6 12. O-O O-O 13. fxe6 Nf4 14. Bxf4 Bxf4 {½-½ (32) Conquest,S (2501)-Osborne,M (2245) North Shields 2012}) 9. bxc3 b6 10. O-O Qd7 11. c4 {Black must now prevent d4.} Nde7 12. Nc3 Bb7 13. Be3 (13. Nb5 $14 Ng6 14. h4) 13... Rd8 14. Qa4 g6 15. Rab1 {Hoping for Bxc5!} (15. Nb5 $5 {[%cal Rb5d6]} Nf5 16. Bf2 $16) 15... Nf5 16. Bf2 $36 {[%mdl 2048] White fights for an advantage.} Be7 17. Nb5 Ba8 18. g4 Nfd4 19. Nbxd4 Nxd4 20. Qxd7+ Kxd7 21. Bxa8 (21. Nxd4 $14 Bxe4 22. Nxe6 (22. dxe4 cxd4 23. Bxd4 Kc6 $11) 22... Kxe6 23. dxe4) 21... Rxa8 (21... Ne2+ $11 {keeps the balance.} 22. Kh1 Rxa8) 22. Nxd4 $16 cxd4 23. Bxd4 Kc6 24. Be3 f5 25. gxf5 gxf5 26. d4 Rhg8+ 27. Kf2 Rg4 (27... Rac8 $16 {keeps fighting.}) 28. Rfd1 ({Better is} 28. Rg1 $18) 28... Rd8 29. Rbc1 Rh4 $2 (29... Kd7 30. d5 Rdg8) 30. d5+ $18 {[%mdl 64] [#] Double Attack} Kb7 (30... Kc7 {was necessary.} 31. d6+ (31. dxe6 Rxh2+ 32. Kg3 Rxa2 $14) 31... Bxd6 32. exd6+ Rxd6) 31. d6 {White is clearly winning.} Bf8 32. c5 bxc5 33. Rxc5 {White wants to mate with Rc7+.} Rxh2+ 34. Kg3 {[#] Threatening mate with Rc7+.} Rxa2 35. Rc7+ Ka8 36. Rb1 {Accuracy: White = 82%, Black = 45%.} 1-0

[Event "Czech Open GM 2020"]
[Site "Pardubice"]
[Date "2020.09.22"]
[Round "2.1"]
[White "Stocek, Jiri"]
[Black "Mica, Marek"]
[Result "1-0"]
[WhiteElo "2595"]
[BlackElo "2290"]
[Annotator "TA"]
[PlyCount "89"]
[EventDate "2020.09.21"]
[EventCountry "CZE"]
[SourceTitle "playchess.com"]
[Source "ChessBase"]
[SourceQuality "1"]

{[%evp 20,89,27,37,61,65,66,61,118,109,118,116,126,138,134,129,123,120,133,113,118,116,128,103,125,133,128,114,193,193,247,250,235,236,437,432,484,493,604,603,600,600,582,556,556,547,495,440,393,397,404,400,399,396,392,386,626,602,29991,29990,29990,29991,29991,29992,29992,29993,29993,29994,29997,29998,29998,29999]} 1. d4 Nf6 2. c4 e6 3. Nf3 d5 4. Nc3 Bb4 5. e3 O-O 6. Bd3 dxc4 7. Bxc4 c5 8. O-O cxd4 9. exd4 b6 10. Bg5 Bxc3 11. bxc3 {[#]} Ba6 $146 {E54: Nimzo-Indian: Rubinstein: Main Line: 7...dxc4 8 Bxc4.} ({Predecessor:} 11... Bb7 12. Bd3 Nbd7 13. c4 Qc7 14. Re1 Rac8 15. Qe2 h6 16. Bd2 Rfd8 17. Rac1 Qd6 18. Bc3 Qf4 19. Qe3 Qc7 20. h3 Ba8 21. Bb2 Qb7 22. Bf1 {½-½ (40) Wojtaszek,R (2745)-Radjabov,T (2710) Shamkir 2017}) 12. Bxa6 Nxa6 13. Ne5 Qc7 {[#]} (13... Qd6 $14) 14. Bxf6 $1 $16 gxf6 15. Ng4 f5 {[#]} 16. Nf6+ $1 Kg7 17. Nh5+ Kh8 18. Qd3 Nb8 {[%cal Ba6b8,Bb8d7,Bd7c5][%mdl 32]} 19. d5 Nd7 20. Rfe1 (20. d6 $6 Qc6 $11) 20... Rae8 21. c4 ({But not} 21. d6 $6 Qc6 $11) 21... Qd6 22. Rad1 Nc5 23. Qb1 Qe7 (23... Ne4 $16) 24. Qa1+ $18 e5 (24... f6 $142) 25. d6 Qe6 26. Nf4 Qf6 $2 (26... Qh6 {was necessary.}) 27. d7 Rd8 28. Nh5 Qg5 {aiming for ...f6.} 29. Rxe5 f6 30. Re8 $1 {[%cal Re8f8][%mdl 64] Deflection} Rdxe8 31. dxe8=R Rxe8 32. Nxf6 Rc8 33. Ne8+ Kg8 34. Qe5 {Strongly threatening Qd5+.} Qg6 35. Nf6+ Kh8 36. Qe7 f4 37. h4 {Hoping for h5.} ({Not} 37. Rd8+ Rxd8 38. Qxd8+ Kg7 $16) 37... f3 $2 (37... Nd3 38. Qd7 (38. Qxa7 Nxf2 39. Qd7 Ra8 $16) 38... Rf8) 38. g3 {Threatens to win with h5.} Qf5 39. Rd5 {White mates.} Qb1+ 40. Kh2 Qc2 41. Rd8+ Rxd8 42. Qxd8+ Kg7 43. Qe7+ {[%mdl 64] Double Attack} Kh6 44. Ng4+ Kg6 45. Qf6+ {[%mdl 64] Double Attack. White took control after the opening. Accuracy: White = 96%, Black = 60%.} 1-0

[Event "Czech Open GM 2020"]
[Site "Pardubice"]
[Date "2020.09.22"]
[Round "2.2"]
[White "Humburg, Philipp"]
[Black "Plat, Vojtech"]
[Result "0-1"]
[WhiteElo "2291"]
[BlackElo "2566"]
[Annotator "TA"]
[PlyCount "56"]
[EventDate "2020.09.21"]
[EventCountry "CZE"]
[SourceTitle "playchess.com"]
[Source "ChessBase"]
[SourceQuality "1"]

{[%evp 11,56,29,31,21,18,21,58,64,76,10,18,12,20,0,16,-88,-104,-280,-185,-295,-295,-299,-295,-292,-277,-298,-295,-291,-307,-300,-301,-295,-270,-410,-314,-408,-414,-640,-638,-876,-875,-861,-839,-940,-937,-924,-920]} 1. e4 d6 2. d4 Nf6 3. Nc3 e5 4. Nf3 exd4 5. Nxd4 Be7 6. Be2 O-O 7. Bf4 {The modern move. C41: Philidor Defence.} Re8 8. Qd2 c6 9. O-O-O {White is slightly better.} b5 {[%cal Bb7b5,Bb5b4][%mdl 32] [#] White should prevent ...b4.} 10. f3 (10. Bf3 $1 $16) 10... b4 $11 {White must now prevent ...Nh5.} 11. Na4 Bd7 $1 12. b3 (12. Qxb4 $2 c5 $19) 12... d5 $1 13. e5 (13. Kb1 $11 {remains equal.}) 13... Nh5 $17 14. Kb1 $2 {[#] This costs White the game.} (14. Bg3 $17) 14... c5 15. Nb5 (15. Be3 {keeps fighting.}) 15... Nxf4 $19 16. Qxf4 a6 17. e6 {[#]} fxe6 $146 ({Predecessor:} 17... Bxe6 18. Nc7 Bd6 19. Nxe6 fxe6 20. Qg4 Nd7 21. f4 Nf6 22. Qf3 Ne4 23. Bd3 Nc3+ 24. Nxc3 bxc3 {0-1 (30) Van Foreest,J (2614)-Tsoi,D (2424) St Petersburg 2018}) 18. Nc7 Rf8 19. Qg3 Ra7 20. Nxd5 exd5 21. Rxd5 Qc7 22. Qf2 (22. Bd3 $142) 22... Be6 23. Rh5 g6 24. Rh6 (24. Qe3 $142 gxh5 25. Qxe6+ Kh8 26. g3) 24... Qf4 {Black is clearly winning.} 25. Nxc5 Bxc5 (25... Qxh6 $2 26. Nxe6 Rd7 27. Nxf8 $19) 26. Qxc5 Rc7 (26... Qxh6 $2 27. Qxa7 Qd2 28. Bd3 $19) 27. Qb6 Rc6 28. Qb7 Qxh6 {Accuracy: White = 29%, Black = 80%.} 0-1